Chronic Cardiac Care : (Record no. 8130)

MARC details
000 -LEADER
fixed length control field 01961cam a2200397 a 4500
001 - CONTROL NUMBER
control field 14167142
003 - CONTROL NUMBER IDENTIFIER
control field OSt
005 - DATE AND TIME OF LATEST TRANSACTION
control field 20231018085249.0
008 - FIXED-LENGTH DATA ELEMENTS--GENERAL INFORMATION
fixed length control field 051103s2006 maua b 001 0 eng
010 ## - LIBRARY OF CONGRESS CONTROL NUMBER
LC control number 2005031693
016 7# - NATIONAL BIBLIOGRAPHIC AGENCY CONTROL NUMBER
Record control number 101260983
Source DNLM
020 ## - INTERNATIONAL STANDARD BOOK NUMBER
International Standard Book Number 0727918354 (alk. paper)
020 ## - INTERNATIONAL STANDARD BOOK NUMBER
International Standard Book Number 9780727918352
035 ## - SYSTEM CONTROL NUMBER
System control number (OCoLC)ocm62302235
040 ## - CATALOGING SOURCE
Original cataloging agency DNLM/DLC
Transcribing agency DLC
Modifying agency NLM
-- BAKER
-- BWKUK
-- DLC
050 00 - LIBRARY OF CONGRESS CALL NUMBER
Classification number RC674
Item number .S84 2006
060 00 - NATIONAL LIBRARY OF MEDICINE CALL NUMBER
Classification number 2006 F-198
060 10 - NATIONAL LIBRARY OF MEDICINE CALL NUMBER
Classification number WY 152.5
Item number S851c 2006
082 00 - DEWEY DECIMAL CLASSIFICATION NUMBER
Classification number WG 100 S49c 2006.
Edition number 22
100 1# - MAIN ENTRY--PERSONAL NAME
Personal name Stewart, Simon; Inglis, Sally; Hawkes, Anna.
9 (RLIN) 16599
245 10 - TITLE STATEMENT
Title Chronic Cardiac Care :
Remainder of title a practical guide to specialist nurse management
250 ## - EDITION STATEMENT
Edition statement 1st ed.
260 ## - PUBLICATION, DISTRIBUTION, ETC. (IMPRINT)
Place of publication, distribution, etc. Oxford;
Name of publisher, distributor, etc. Blackwell Pub.,
Date of publication, distribution, etc. 2006.
300 ## - PHYSICAL DESCRIPTION
Extent ix, 153 p. :
Other physical details ill. ;
Dimensions 24 cm.
504 ## - BIBLIOGRAPHY, ETC. NOTE
Bibliography, etc Includes bibliographical references and index.
505 0# - FORMATTED CONTENTS NOTE
Formatted contents note Pathophysiology and epidemiologic burden of chronic cardiac disease -- Key therapeutic targets in chronic cardiac care -- Slowing the progression of cardiovascular disease : innovative approaches to cardiac rehabilitation and secondary prevention -- Chronic CHF management programs : an exemplar for chronic cardiac care -- Organizational aspects of chronic cardiac care -- Individual aspects of chronic cardiac care -- Establishing a nurse-led program of chronic cardiac care.
650 #0 - SUBJECT ADDED ENTRY--TOPICAL TERM
Topical term or geographic name as entry element Heart diseases
9 (RLIN) 16600
650 #0 - SUBJECT ADDED ENTRY--TOPICAL TERM
Topical term or geographic name as entry element Chronic diseases
9 (RLIN) 16601
655 #7 - INDEX TERM--GENRE/FORM
Genre/form data or focus term Practice Guideline.
Source of term mesh
9 (RLIN) 16605
856 41 - ELECTRONIC LOCATION AND ACCESS
Materials specified Table of contents only
Uniform Resource Identifier http://www.loc.gov/catdir/toc/ecip063/2005031693.html
856 42 - ELECTRONIC LOCATION AND ACCESS
Materials specified Contributor biographical information
Uniform Resource Identifier http://www.loc.gov/catdir/enhancements/fy0802/2005031693-b.html
856 42 - ELECTRONIC LOCATION AND ACCESS
Materials specified Publisher description
Uniform Resource Identifier http://www.loc.gov/catdir/enhancements/fy0802/2005031693-d.html
906 ## - LOCAL DATA ELEMENT F, LDF (RLIN)
a 7
b cbc
c orignew
d 1
e ecip
f 20
g y-gencatlg
942 ## - ADDED ENTRY ELEMENTS (KOHA)
Source of classification or shelving scheme Other/Generic Classification Scheme
Koha item type Open Shelf
Holdings
Withdrawn status Lost status Source of classification or shelving scheme Damaged status Not for loan Home library Current library Date acquired Source of acquisition Inventory number Total Checkouts Full call number Barcode Date last seen Koha item type
    Other/Generic Classification Scheme     MUST Main Library MUST Main Library 12/04/2023 Purchase 11/35464   WG 100 S49c 2006. 2023-0457 12/04/2023 Open Shelf